[Event "HCL-B143"]
[Site "www.playchess.de"]
[Date "2001.01.31"]
[Round "10"]
[White "Bauernopfer"]
[Black "Jeff_Foster"]
[WhiteElo "1317"]
[BlackElo "1272"]
[PlyCount "81"]
[Result "0-1"]

1.e4 e5 2.Nf3 Nf6 3.d4 Nxe4 4.dxe5 d5 5.exd6 e.p 
6.Bxd6 Nbd2 7.Nxd2 Qxd2 8.O-O Be2 9.Re8 O-O 
10.Bxh2+ Nxh2 11.Qxd2 Bxd2 12.Rxe2 Rad1 13.Nc6 
Rfe1 14.Rxe1+ Rxe1 15.Be6 b3 16.Rd8 Be3 17.Nb4 
Bxa7 18.b6 c4 19.Nc6 Bxb6 20.cxb6 Nf3 21.Kf8 Ng5 
22.Bf5 Nf3 23.Bc2 Re2 24.Bd1 Re3 25.Nb4 a3 26.Nc2 
Re5 27.Bxf3 {What a pity. I will lose. :-)}  gxf3 
{why don't you resign then? ;-)}  28.Nxa3 {Well, 
you can make a mistake, too.}  Kg2 {too true :)}  
29.Rd3 Rh5 30.h6 c5 31.Rxb3 cxb6 32.Rxb6 {.}  Ra5 
33.Nb5 f4 34.Ke7 Kf3 35.Nd4+ Ke4 36.Rb4 Ke3 37.Kf6 
Re5 38.Nf5+ Kf3 39.h5 Re4 40.Rxe4 Kxe4 
41.h4 0-1

[Event "HCL-C107"]
[Site "www.playchess.de"]
[Date "2001.01.31"]
[Round "20"]
[White "locko"]
[Black "stlopez"]
[WhiteElo "743"]
[BlackElo "1000"]
[PlyCount "23"]
[Result "1-0"]

1.g3 e5 2.e4 Qf6 3.Nf3 Bc5 4.c3 Qb6 5.d4 Be7 
6.Nxe5 Nc6 7.Be3 f6 8.Nxc6 bxc6 9.d5 c5 10.Qg4 Nh6 
11.Qxg7 Qxb2 12.Bxh6 1-0

[Event "HCL-C110"]
[Site "www.playchess.de"]
[Date "2001.01.31"]
[Round "1"]
[White "hun"]
[Black "ITR"]
[WhiteElo "1802"]
[BlackElo "1000"]
[PlyCount "39"]
[Result "1-0"]

1.Nc3 e5 2.e4 Nc6 3.Nf3 Bc5 4.Nxe5 Bxf2+ 5.Kxf2 
Nxe5 6.d4 Qf6+ 7.Ke1 Ng6 8.Nd5 Qh4+ 9.Kd2 Qf2+ 
10.Kd3 Rb8 11.Be3 Qh4 12.Nxc7+ Kf8 13.Nb5 b6 14.g3 
Qd8 15.Nxa7 Nf6 16.Nxc8 Rxc8 17.Bg2 Qc7 18.c3 h5 
19.Kc2 h4 20.e5 1-0

[Event "HCL-C120"]
[Site "www.playchess.de"]
[Date "2001.01.31"]
[Round "4"]
[White "vulcan"]
[Black "DrNickRiviera"]
[WhiteElo "988"]
[BlackElo "1000"]
[PlyCount "62"]
[Result "0-1"]

1.e4 d5 2.exd5 Qxd5 3.Nc3 Qe5+ 4.Be2 Be6 5.Nf3 Qf6 
6.O-O Qg6 7.Kh1 c6 8.d4 Na6 9.Bxa6 bxa6 10.Ne5 Qf5 
11.Nxc6 Rc8 12.Ne5 f6 13.Nf3 Nh6 14.Bxh6 Bc4 
15.Be3 Bxf1 16.Qxf1 Qxc2 17.Qc1 Qg6 18.d5 e5 
19.Bxa7 Bc5 20.Bxc5 Rxc5 21.Qe3 Rc4 22.Re1 O-O 
23.Ne4 Rd8 24.d6 f5 25.Nxe5 Qe6 26.f4 Rxe4 27.Qf2 
Rxd6 28.b3 Qh6 29.Rf1 Qh5 30.g3 Re2 31.Qc5 
Qxh2+ 0-1

[Event "HCL-C132"]
[Site "www.playchess.de"]
[Date "2001.01.31"]
[Round "4"]
[White "rafita"]
[Black "Michael_Schenk"]
[WhiteElo "1228"]
[BlackElo "1059"]
[PlyCount "88"]
[Result "0-1"]

1.e4 c5 2.Nc3 e5 3.Nf3 Nc6 4.Bc4 Nf6 5.d3 Be7 
6.O-O O-O 7.Re1 h6 8.Be3 a6 9.a4 Nd4 10.Nd5 d6 
11.h3 Bd7 12.c3 Nxf3+ 13.Qxf3 Bc6 14.Qg3 Kh8 15.b4 
b6 16.b5 axb5 17.axb5 Nxd5 18.Bxd5 Rxa1 19.Rxa1 
Bxb5 20.c4 Bd7 21.f4 b5 22.f5 b4 23.Kh1 b3 24.Rb1 
Qb6 25.Rb2 Qb4 26.Qf2 Kh7 27.Qd2 Qxd2 28.Bxd2 Ba4 
29.Kg1 g6 30.fxg6+ Kxg6 31.g4 h5 32.Kg2 hxg4 
33.hxg4 Bg5 34.Kg3 f6 35.Be6 Bxd2 36.Rxd2 Kg5 
37.Bf5 Rh8 38.Rd1 b2 39.Rb1 Rb8 40.Rh1 Be8 41.Rb1 
Kh6 42.Rh1+ Kg7 43.Rb1 Ba4 44.Kf2 {well played, I 
think I'll resign next move. Hope to see you again 
for revenge! :)}  Bc2 {Nice Endgame. Maybe I will 
make an annotation of the game. Hope to see you 
again too.}  0-1

[Event "HCL-C148"]
[Site "www.playchess.de"]
[Date "2001.01.31"]
[Round "1"]
[White "Translightor"]
[Black "surak"]
[WhiteElo "980"]
[BlackElo "1235"]
[PlyCount "36"]
[Result "1/2-1/2"]

1.e4 e6 2.d4 d5 3.Nc3 Bb4 4.e5 {Okay, let's go 
again!}  c5 5.a3 Ba5 6.Nf3 cxd4 7.Qxd4 Nc6 8.Bb5 
Bd7 9.Bxc6 Bxc6 10.O-O Ne7 11.Bg5 Qb6 12.b4 Qxd4 
13.Nxd4 Bb6 14.Rad1 h6 15.Bh4 g5 16.Bg3 Bxd4 
17.Rxd4 Nf5 18.Rd2 Nxg3 1/2-1/2

[Event "HCL-E003"]
[Site "www.playchess.de"]
[Date "2001.01.31"]
[Round "10"]
[White "Kleofas"]
[Black "ARMAGEDON_8"]
[WhiteElo "1849"]
[BlackElo "2000"]
[PlyCount "96"]
[Result "0-1"]

1.e4 c5 2.Nf3 d6 3.d4 cxd4 4.Nxd4 Nf6 5.Nc3 g6 
6.Be3 Bg7 7.f3 O-O 8.Qd2 Nc6 9.O-O-O d5 10.Kb1 
Nxd4 11.Bxd4 dxe4 12.fxe4 e5 13.Bc5 Bg4 14.Be2 
Qxd2 15.Rxd2 Rfc8 16.Be3 Bxe2 17.Rxe2 Rxc3 18.bxc3 
Nxe4 19.Bd2 f5 20.Rhe1 Rd8 21.R2xe4 fxe4 22.Bg5 
Rc8 23.Rxe4 Rxc3 24.Kb2 Rc7 25.c4 Kf7 26.Kb3 Ke6 
27.g4 Rd7 28.Kc2 Rd4 29.Rxd4 exd4 30.Kd3 h5 31.h3 
hxg4 32.hxg4 Kd6 33.Bc1 Ke5 34.Bd2 Bf6 35.Bc1 Be7 
36.Bb2 Kf4 37.Bxd4 a6 38.a4 g5 39.Bg1 Kxg4 40.Ke4 
Kg3 41.Ke5 g4 42.Ke6 Bb4 43.Kd7 Be1 44.Bc5 Kf3 
45.Kc7 g3 46.Kxb7 g2 47.Bg1 Bf2 48.Bh2 
Kg4 0-1

[Event "HCL-M002"]
[Site "www.playchess.de"]
[Date "2001.01.31"]
[Round "15"]
[White "rayschutt"]
[Black "dpschreber"]
[WhiteElo "2200"]
[BlackElo "2200"]
[PlyCount "41"]
[Result "1-0"]

1.Nf3 d5 2.c4 d4 3.b4 f6 4.e3 e5 5.c5 d3 6.Qb3 e4 
7.Nd4 Nc6 8.Nxc6 bxc6 9.Nc3 f5 10.Bb2 Nf6 11.f3 a5 
12.fxe4 Rb8 13.a3 fxe4 14.Qc4 Bf5 15.g3 axb4 
16.axb4 Qd7 17.Bg2 Be6 18.Qa6 Rxb4 19.Ba3 Rc4 
20.Bh3 Bxh3 21.Qxc4 1-0

[Event "HCL-M002"]
[Site "www.playchess.de"]
[Date "2001.01.31"]
[Round "16"]
[White "Bronislaw"]
[Black "Sysel"]
[WhiteElo "2334"]
[BlackElo "2200"]
[PlyCount "27"]
[Result "1-0"]

1.e4 d6 2.d4 Nf6 3.Nc3 g6 4.Be3 c6 5.f3 Nbd7 6.g4 
b5 7.Qd2 Nb6 8.g5 Nh5 9.d5 b4 10.Qd4 Bg7 11.Qxb4 
cxd5 12.Bb5+ Bd7 13.Bxb6 axb6 14.Nxd5 1-0

[Event "ACL-A024"]
[Site "www.playchess.de"]
[Date "2001.01.31"]
[Round "2"]
[White "dzwonek"]
[Black "MarkusSSG"]
[WhiteElo "1500"]
[BlackElo "1500"]
[PlyCount "124"]
[Result "0-1"]

1.d4 Nf6 2.c4 g6 3.Nc3 Bg7 4.e4 d6 5.Bg5 O-O 6.f3 
c5 7.d5 Na6 8.Nge2 Nc7 9.Ng3 Bd7 10.Bd3 a6 11.O-O 
b5 12.Rc1 Rb8 13.b3 h6 14.Be3 bxc4 15.bxc4 e5 
16.Rb1 h5 17.Bg5 Na8 18.Qd2 Qa5 19.Nge2 Rfe8 
20.Rxb8 Rxb8 21.f4 Nh7 22.Be7 Qc7 23.f5 Nb6 24.f6 
Bh8 25.Ng3 Nc8 26.Bc2 Be8 27.Ba4 Bxa4 28.Nxa4 Nxe7 
29.fxe7 h4 30.Ne2 Nf6 31.e8Q+ Nxe8 32.Nac3 Qe7 
33.Rf3 Bf6 34.Nc1 Bg5 35.Qc2 Bxc1 36.Qxc1 Nf6 
37.Qa3 Rb6 38.Qa5 Nd7 39.Qa4 Nb8 40.Qc2 Qg5 41.a4 
Nd7 42.a5 Rb4 43.Na2 Rb7 44.Nc3 Nf6 45.Kh1 Kg7 
46.Nd1 Nh5 47.Kg1 Nf4 48.Ne3 Qd8 49.Qa2 Rb4 50.Nc2 
Rb8 51.Ne3 Qd7 52.Rf1 Qb7 53.Qf2 Qb2 54.Qxb2 Rxb2 
55.Rf2 Rb3 56.Nf1 Ra3 57.Rb2 Rxa5 58.g3 hxg3 
59.hxg3 Nd3 60.Rb6 Ra2 61.Rxd6 Nf2 62.Rd7 
Nxe4 0-1

[Event "ACL-A042"]
[Site "www.playchess.de"]
[Date "2001.01.31"]
[Round "1"]
[White "DTG007"]
[Black "rafita"]
[WhiteElo "1500"]
[BlackElo "1500"]
[PlyCount "40"]
[Result "0-1"]

1.e4 Nf6 2.e5 Nd5 3.d4 d6 4.c4 Nb6 5.exd6 exd6 
6.b3 Be7 7.Bb2 O-O 8.Bd3 Bf6 9.Qc2 Re8+ 10.Ne2 h6 
11.O-O Nc6 12.Nd2 Bg4 13.Rfe1 Bxe2 14.Bxe2 Nxd4 
15.Bxd4 Bxd4 16.Rad1 Nd7 17.Bf3 c6 18.Rxe8+ Qxe8 
19.Qe4 Be5 20.Bg4 Nf6 0-1

[Event "ACL-A042"]
[Site "www.playchess.de"]
[Date "2001.01.31"]
[Round "2"]
[White "Stema"]
[Black "DTG007"]
[WhiteElo "1500"]
[BlackElo "1500"]
[PlyCount "41"]
[Result "1-0"]

1.e4 c5 2.Nf3 Nc6 3.d4 cxd4 4.Nxd4 g6 5.Nc3 Bg7 
6.Be3 Nf6 7.Bc4 O-O 8.O-O Ne5 9.Be2 d6 10.h3 d5 
11.f4 Nc4 12.Bxc4 dxc4 13.e5 Nd5 14.Nxd5 Qxd5 
15.Nf5 Qb5 16.Nxe7+ Kh8 17.Qd2 Qxb2 18.Rfb1 Qa3 
19.Nxc8 Rfxc8 20.Rxb7 Kg8 21.Rd1 1-0

[Event "ACL-A042"]
[Site "www.playchess.de"]
[Date "2001.01.31"]
[Round "7"]
[White "Mother_Teresa"]
[Black "DTG007"]
[WhiteElo "1570"]
[BlackElo "1500"]
[PlyCount "49"]
[Result "1-0"]

1.e4 e5 2.Nf3 Nf6 3.Nc3 Bb4 4.d3 Nc6 5.Bd2 O-O 
6.a3 Bxc3 7.Bxc3 Qe7 8.Be2 Re8 9.O-O d5 10.exd5 
Nxd5 11.Bd2 Nf4 12.Bxf4 exf4 13.Re1 Bg4 14.h3 Bh5 
15.d4 Rad8 16.c3 a6 17.Bc4 Qf6 18.Rxe8+ Rxe8 
19.Qd3 Na5 20.Ba2 Bg6 21.Qf1 Qe7 22.Ne5 Nc6 23.Nf3 
Qe2 24.b4 Bd3 25.Qxe2 1-0

[Event "ACL-A047"]
[Site "www.playchess.de"]
[Date "2001.01.31"]
[Round "15"]
[White "FdeJong"]
[Black "Morpheus"]
[WhiteElo "1500"]
[BlackElo "1500"]
[PlyCount "64"]
[Result "0-1"]

1.Nc3 Nf6 2.Nf3 d5 3.d4 e6 4.e3 Bb4 5.Bd2 O-O 6.b3 
c6 7.Bd3 Qa5 8.Na4 Bxd2+ 9.Nxd2 Nbd7 10.O-O Qc7 
11.e4 b5 12.Nc5 Nxc5 13.dxc5 b4 14.exd5 cxd5 
15.Qf3 Qa5 16.c4 Qxc5 17.cxd5 exd5 18.Rac1 Qa5 
19.Bf5 Qxa2 20.Bxc8 Raxc8 21.Rxc8 Rxc8 22.Qf5 Qa6 
23.Nf3 Qe6 24.Nd4 Qxf5 25.Nxf5 Rc3 26.Re1 Kf8 
27.g3 Rxb3 28.Nd4 Rc3 29.Nb5 Rc2 30.Nxa7 b3 31.Nb5 
b2 32.Kg2 Rc1 0-1

[Event "ACL-A053"]
[Site "www.playchess.de"]
[Date "2001.01.31"]
[Round "6"]
[White "Smutje"]
[Black "traga"]
[WhiteElo "1500"]
[BlackElo "1900"]
[PlyCount "62"]
[Result "0-1"]

1.e4 e5 2.Bc4 Qe7 3.Nf3 d6 4.O-O Nf6 5.Nc3 Nc6 
6.Nd5 Nxd5 7.exd5 Na5 8.Bb5+ Bd7 9.a4 c6 10.dxc6 
bxc6 11.Ba6 c5 12.d3 Rb8 13.b3 Qf6 14.Bg5 Qf5 
15.Qd2 Nc6 16.Rab1 h6 17.Bh4 Nb4 18.Bc4 d5 19.Bb5 
Bxb5 20.Rbe1 f6 21.axb5 Rxb5 22.Rea1 Rb7 23.h3 {so 
nun geht´s hier endlich weiter... aber die liste 
mit den offenen spielen fehlt leider!}  Bd6 {also 
bei mir jetzt am abend klappt alles!}  24.g4 {ja 
aber hier unten fehlt doch die spieleliste mußt 
doch immer auf die loginseite zurück!}  Qxf3 {das 
stimmt, das ist schwachsinn!}  25.c3 Qxh3 {stimmt, 
das ist nervig!}  26.Bg3 h5 27.g5 h4 {die partie 
ist zum aufgeben für dich!}  28.Bh2 {ach gleich 
kommt die wende}  Qg4+ {nix da!}  29.Kh1 {remis?}  
Qf3+ {matt in 3 zügen!}  30.Kg1 {remis?}  h3 
{MATTTTTTTTT!!!!! nix remis!}  31.cxb4 {nagut 
ausnahmsweise hast du mal gewonnen!}  
Qg2+ 0-1

[Event "ACL-A054"]
[Site "www.playchess.de"]
[Date "2001.01.31"]
[Round "5"]
[White "BENEVOLENTONE"]
[Black "Flay"]
[WhiteElo "1500"]
[BlackElo "1500"]
[PlyCount "60"]
[Result "0-1"]

1.e4 e6 2.e5 d6 3.f4 dxe5 4.fxe5 Nc6 5.Nf3 Bc5 
6.d3 Nge7 7.Bg5 O-O 8.Nbd2 Qd5 9.c4 Qd7 10.Ne4 h6 
11.Nxc5 Qd8 12.Bxe7 Qxe7 13.d4 b6 14.Ne4 Bb7 
15.Bd3 Rad8 16.O-O Nxd4 17.Nxd4 Rxd4 18.Rf4 Bxe4 
19.Rxe4 Qc5 20.Kh1 Rfd8 21.Re3 Rxc4 22.h3 Qxe3 
23.Bh7+ Kxh7 24.Qxd8 Qd4 25.Qf8 Qxb2 26.Rf1 Rf4 
27.Rd1 Qxa2 28.g3 Rf2 29.Kg1 Rg2+ 30.Kh1 
Rh2+ 0-1

[Event "ACL-A060"]
[Site "www.playchess.de"]
[Date "2001.01.31"]
[Round "10"]
[White "Blitzmich"]
[Black "player27"]
[WhiteElo "1500"]
[BlackElo "1625"]
[PlyCount "100"]
[Result "1/2-1/2"]

1.d4 Nf6 2.c4 e6 3.Nc3 Bb4 4.Nf3 c5 5.Bd2 cxd4 
6.Nxd4 O-O 7.a3 Be7 8.e4 d5 9.e5 Ne4 10.Nxe4 dxe4 
11.Bc3 Nd7 12.Qc2 Nxe5 13.Qxe4 Ng6 14.Rd1 Qc7 
15.Nb5 Qf4 16.Qxf4 Nxf4 17.h4 Rd8 18.Rxd8+ Bxd8 
19.g3 Nh5 20.Bg2 Bf6 21.c5 Bxc3+ 22.bxc3 Nf6 
23.O-O Nd7 24.c6 bxc6 25.Bxc6 Rb8 26.Nxa7 Ne5 
27.Rd1 Ba6 28.a4 Kf8 29.Be4 f5 30.Nc6 Nxc6 31.Bxc6 
Rc8 32.Bb5 Bxb5 33.axb5 Rxc3 34.Rd7 Rb3 35.Rb7 e5 
36.h5 Rb2 37.f3 h6 38.Kf1 Ke8 39.Ke1 Kd8 40.g4 e4 
41.fxe4 fxg4 42.b6 Kc8 43.Rxg7 Rxb6 44.Rg6 Rb4 
45.Rxh6 Rxe4+ 46.Kf2 Kd7 47.Ra6 Ke7 {ENDLICH!!! 
hab hier glücklicherweise ein Zugpolster von 
anfang Dezember}  48.Kg3 {Wird ja wirklich Zeit! 
Gesundes neues Jahr! :-) Gruß Ralf}  Kf7 {ja 
danke, dir ebenfalls- leider immer noch "Server 
busy"- Meldungen- Enttäuschung}  49.h6 {Ja leider, 
ich dachte auch sie hätten es im Griff! Gruß Ralf} 
 Kg8 {keine error-Meldungen mehr- hallo Ralf, 
alles in Butter? Gruss andy}  50.Kh4 {Hallo Andy, 
das sieht verdächtig nach Remis aus, was meinst 
Du? Gruß Ralf}  Kh7 {jaaaaa bitte, sei gnädig : )  
; ))}  1/2-1/2

[Event "ACL-A068"]
[Site "www.playchess.de"]
[Date "2001.01.31"]
[Round "18"]
[White "liero"]
[Black "chrisg"]
[WhiteElo "1500"]
[BlackElo "1770"]
[PlyCount "50"]
[Result "0-1"]

1.e4 c6 2.c4 d5 3.cxd5 cxd5 4.exd5 Nf6 5.Nc3 Nxd5 
6.Nxd5 Qxd5 7.Nf3 Nc6 8.Be2 e5 9.d3 Bf5 10.O-O Rd8 
11.Bg5 f6 12.Be3 Bxd3 13.Bxd3 Qxd3 14.Qxd3 Rxd3 
{nice to meet you again!}  15.b3 Bb4 16.g3 Kf7 
17.Rad1 Rhd8 18.Rdc1 e4 19.Nh4 Bd2 20.Bxd2 R3xd2 
21.a3 R8d3 22.Rcb1 Nd4 23.Rfc1 Ne2+ 24.Kg2 Nxc1 
25.Rxc1 e3 0-1

[Event "ACL-A072"]
[Site "www.playchess.de"]
[Date "2001.01.31"]
[Round "10"]
[White "Smutje"]
[Black "plobi"]
[WhiteElo "1273"]
[BlackElo "1259"]
[PlyCount "30"]
[Result "0-1"]

1.h4 e5 2.Rh3 Nc6 3.Rf3 d5 4.c4 dxc4 {macht dir 
dieses spiel spaß??}  5.Qc2 {warum?}  Be6 {mir 
machts ja spaß, aber dein spiel ist etwas komisch 
...}  6.a3 {mir machts auch spaß...}  Nd4 7.Qe4 
{ach das meinst du nur}  Nf6 {nicht ganz ...}  
8.Qxb7 Rb8 {angriff ist die beste verdeidigung, 
was?! *g*}  9.Qxa7 Ra8 {mutig, mutig!}  10.Qb7 Bd5 
{tja, das wars mit deiner dame ... aber ich hatte 
dich ja gewarnt!!}  11.Qxa8 {ach menno!}  Nc2+ 
{langsam fängts an, mir spaß zu machen ...}  
12.Kd1 {lass das!}  Qxa8 {ok!}  13.Kxc2 {danke 
:-)}  Bxf3 14.gxf3 {was war denn das nun?}  Qa4+ 
{tja, das ist matt in zwei zügen (um deine frage 
zu beantworten!!!) ...}  15.b3 {och! lass mir noch 
ne chance!}  Qxb3+ {danke fürs spiel ... ist mein 
schnellstes matt in einem turnier!} 
 0-1

[Event "ACL-A077"]
[Site "www.playchess.de"]
[Date "2001.01.31"]
[Round "2"]
[White "Deppenhaufen"]
[Black "johnk"]
[WhiteElo "2110"]
[BlackElo "1206"]
[PlyCount "51"]
[Result "1-0"]

1.e4 e5 2.Nf3 Nf6 3.Nxe5 d6 {back again!}  4.Nf3 
Nc6 5.Nc3 {jo}  g6 6.d4 {jo}  Bg7 7.d5 {jo}  Ne5 
8.Bb5+ Bd7 9.Nxe5 dxe5 10.Bxd7+ Qxd7 11.O-O O-O 
12.Qd3 Rfd8 {guten abend! wie heisse 'jo'?}  13.f4 
{so viel wie ja}  c6 {Danke! Ich verstehe ein 
wenig.}  14.fxe5 {sorry, but my english isn't very 
good}  Ne8 {okay.}  15.Bf4 cxd5 {Meine Deutsche 
sprachen ist nicht gut auch!}  16.exd5 Nc7 17.Rad1 
Qe8 18.Rfe1 Ne6 19.Bg3 Nf8 20.Nb5 Qe7 21.Nd6 Rd7 
22.c4 Bh8 23.Nxf7 Ne6 24.Nxh8 Kxh8 25.Qa3 Nc5 
26.d6 1-0

[Event "ACL-E004"]
[Site "www.playchess.de"]
[Date "2001.01.31"]
[Round "15"]
[White "archeo"]
[Black "Gearloose"]
[WhiteElo "2034"]
[BlackElo "1886"]
[PlyCount "45"]
[Result "1-0"]

1.e4 d6 2.d4 Nf6 3.Nc3 Nbd7 4.f4 e5 5.Nf3 c6 
6.dxe5 dxe5 7.fxe5 Ng4 8.e6 fxe6 9.Ng5 Nde5 
10.Qxd8+ Kxd8 11.h3 Nh6 12.Bf4 Ng6 13.Rd1+ Ke8 
14.Bg3 Bc5 15.Bc4 Nf8 16.Rf1 Be3 17.Nb5 cxb5 
18.Bxb5+ Bd7 19.Bxd7+ Nxd7 20.Nxe6 Ke7 21.Nxg7 Kd8 
22.Rf3 Bb6 23.Rfd3 1-0

[Event "ACL-E004"]
[Site "www.playchess.de"]
[Date "2001.01.31"]
[Round "21"]
[White "Gearloose"]
[Black "GoodKnight"]
[WhiteElo "1886"]
[BlackElo "2353"]
[PlyCount "20"]
[Result "0-1"]

1.e4 c5 2.Nc3 Nc6 3.g3 g6 4.Bg2 Bg7 {Longest chess 
move I've ever made.}  5.d3 d6 6.Nh3 Nf6 7.O-O O-O 
8.f4 Bg4 9.Qd2 Nd4 10.Ng5 Nh5 0-1

[Event "ACL-A078"]
[Site "www.playchess.de"]
[Date "2001.01.31"]
[Round "12"]
[White "iq160"]
[Black "Buziness"]
[WhiteElo "1676"]
[BlackElo "1500"]
[PlyCount "53"]
[Result "1-0"]

1.g3 e5 2.c4 Qf6 3.d3 Bc5 4.Nf3 d6 5.Nc3 Qf5 6.d4 
exd4 7.Nxd4 Qf6 8.Nd5 Qd8 9.b4 Bxd4 10.Qxd4 Nf6 
11.Bg5 Nbd7 12.Bh3 c5 13.Qh4 cxb4 14.Nxf6+ gxf6 
15.Bxd7+ Qxd7 16.Bxf6 Qc6 17.f3 Rg8 18.Qxh7 Kf8 
19.Be7+ Kxe7 20.Qxg8 Qxc4 21.O-O Qd4+ 22.Kh1 b6 
23.Rac1 {I think this game is over}  Bh3 24.Rc7+ 
Ke6 25.Qxf7+ Ke5 26.Re7+ Be6 {Bravo !! 
Congratulation !!}  27.Qxe6+ 1-0

[Event "ACL-E006"]
[Site "www.playchess.de"]
[Date "2001.01.31"]
[Round "6"]
[White "Gruhni"]
[Black "Bauernopfer"]
[WhiteElo "1406"]
[BlackElo "1644"]
[PlyCount "102"]
[Result "0-1"]

1.e4 {Endlich mal wieder Weiss gegen dich!}  e5 
{Nur weil du dich 30sec. vorher eingetragen hast.} 
 2.Bc4 {Mal sehen, wann Plobi weiterspielt. Ich 
denke, der Sieg ist so gut wie mir :-)}  Nf6 {Weil 
wir diese Woche unsern Kongreß haben, werde ich 
woll von Di. - Mo. nicht spielen.}  3.Nf3 Nc6 {Das 
hast du doch gerade eben schon mal gesagt. Was 
soll ich darauf antworten?}  4.d3 {Ich würde 
niemals zweimal das gleiche sagen. Der Server hat 
einfach meine Antwort erneut hingeschr.!}  Bc5 
{Ach so. Habt ihr eigentlich Schnee in Frankfurt}  
5.Nc3 {Ja, aber er ist kräftig am wegschmilzen!}  
d6 6.Bg5 {Jetzt habe ich gegen Plobi eine Dame 
gegen einen Turm!}  h6 {Schneller als der Wind. 
(Schau mir die Partie mal an)}  7.Bh4 {Tja, wie 
immer!}  Bg4 {Jetzt stehen wir wieder fast 
symmetrisch.}  8.h3 Bh5 {Vielleicht hätte ich doch 
1. c5 spielen sollen. :-)}  9.Bxf6 Qxf6 {Oh! Was 
neues.}  10.Nd5 {Oh oh! Ein tödlicher Tempoverlust 
von dir!}  Qd8 {:-)}  11.g4 Bg6 12.Qe2 {Hast du 
auch ständig die Meldung: Server busy?}  Nb4 
{Nein, bisher nur einmal gehabt.}  13.Nxb4 {Oh Oh! 
Habe soeben eine deftige Niederlage gegen pird 
einstecken müssen!}  Bxb4+ {Tja, wer zu viele 
Spiele hat.}  14.c3 Bc5 {Warum wollen ausgerechnet 
mich gerade alle ärgern.}  15.b4 Bb6 16.a4 a6 
17.d4 exd4 {Morgen. Warum hast du gegen peze 
aufgegeben?}  18.Nxd4 {7452loma}  Bxd4 {Was soll 
das heißen? 7452Ioma?}  19.cxd4 {Das war aus 
Versehen mein Passwort. Das Spiel gegen Peze hätte 
noch lange gedauert!}  O-O {Aus du versehentlich 
aufgegeben oder waren Hacker am Werk?}  20.O-O 
{Weder noch. Ich hätte so oder so verloren. Meine 
Bauernstellung war zu mies!}  Qf6 {Habe auch von 
einem Gegner eine andere Schachseite empfohlen 
bekommen: freechess.de}  21.Rad1 {Ich werde sie 
mal anschauen!}  Rfe8 {Hast du eigentlich eine 
Mannschaft für den 4er-Pokal gemeldet?}  22.f3 
{Ja! Kannst du am Sonntag spielen?}  c6 {Auch ja. 
In Eschenburg oder?}  23.Qh2 {Ja! freechess.de 
scheint ziemlich kompliziert zu sein und die 
Tuniere sind alle voll!}  Rad8 {Aber es gibt auch 
Einzelspiele.}  24.Qf2 {Oh Mann! Was ein 
einfallsloses Spiel von mir!}  d5 {Noch eine neue 
Seite: Schachspiel.de (von player 27)}  25.e5 {Oh! 
Da will er mich ärgern}  Qe7 26.Be2 Qxb4 {Das war 
der erste Streich. Und der zweite folgt sogleich.} 
 27.Rda1 {Shit, ich habe gedacht, ich kann mit dem 
Turm auf b1 :-(}  c5 28.dxc5 {So, jetzt hast du 
mir die Bauernstellung komplett versaut!}  Qf4 
{Scheiße, vertippt.}  29.Rfd1 {Ja, Ja.}  Rxe5 
30.Rd4 {wie oft vertippst du dich eigentlich ;-)}  
Qf6 {Bisher 2mal. Wie fügst du eigentlich ein 
Photo hier ein?}  31.Bd3 Bxd3 32.Rxd3 {Endlich ist 
der blöde Läufer weg!}  Re6 {Leider ja.}  33.Rad1 
{Den Turm behalt ich lieber :-)}  Ree8 {Ich glaube 
der Läufertausch war sehr schlecht.}  34.R3xd5 
{Für mich nicht ;-)}  Rxd5 {Gefährlich}  35.Rxd5 
{Ja, ich weiss!}  Qa1+ 36.Kg2 Qxa4 37.Qd2 Qc6 
38.Rd8 Rxd8 {Jetzt bietest du "draw" und bei der 
anderen Partie verweigerst du es.}  39.Qxd8+ {Wir 
könnten uns auf Remis in beiden Partien einigen!}  
Kh7 {Ich glaube ich gewinne diese und verliere die 
andere.}  40.Qd3+ {Ich denke... keine Ahnung!}  g6 
41.Qd6 a5 {Du Witzbold, du! :-)}  42.Qe7 {Mmmh! 
Ich denke, die Partie könnte ich eventuell 
verlieren :(}  Kg7 {Du denkst!!!! Ein Wunder!!!}  
43.Qe5+ Qf6 {Moin, sehen wir uns heute abend?}  
44.Qc7 {Moin. Kommt drauf an, ob du zum Schach 
kommst. Ich komme jedenfalls!}  Qb2+ {Ich auch. 
Aber erst um 18.15.}  45.Kg3 {Verliere auch gerade 
gegen player27. Damit geht das Turnier wohl 
komplett in die Hose :-(}  a4 {Habe auch gerade 
gegen Westqualmer verloren. Habe aber nur 2 Punkte 
verloren. Er hatte ja 1808. :-)}  46.c6 {Skandal 
;) Ne, ein bischen ungerecht ist das schon, da 
hätte ich mit dem aufgeben doch warten sollen}  
bxc6 {Eine so lange Partie hatten wir bisher auch 
noch nicht gehabt.}  47.Qxc6 {Jetzt hätte ich 100 
Tage für den nächsten Zug Zeit ;)}  a3 {Schau mal 
ins Forum. Dort wird überlegt, daß man maximal 30 
Tage pro Zug hat.}  48.g5 {So, jetzt kommt der Mut 
der Verzweiflung ;)}  hxg5 49.h4 {Zieh' doch auch 
mal in der andern Partie :)}  gxh4+ {Weiß momentan 
nicht was ich dort spielen soll. Und mein Chef ist 
im Büro.}  50.Kxh4 {Aufgeben?!}  Qh2+ {Ich muß 
also sehr schnell spielen und die Seite wieder 
wegklicken.}  51.Kg5 {Was soll denn der Zug jetzt 
bringe?!}  Qg3+ 0-1

[Event "ACL-A079"]
[Site "www.playchess.de"]
[Date "2001.01.31"]
[Round "2"]
[White "chessnut"]
[Black "Buziness"]
[WhiteElo "1500"]
[BlackElo "1500"]
[PlyCount "29"]
[Result "1-0"]

1.c4 d5 2.cxd5 Qxd5 3.Nc3 Qf5 4.e4 Qe5 5.Nf3 Qf4 
6.d4 Qf6 7.Nd5 Qd6 8.Bf4 Qe6 9.Nxc7+ Kd8 10.Nxe6+ 
Bxe6 11.Ne5 f6 12.d5 Ke8 13.dxe6 {Mate isn't far 
away!}  fxe5 14.Bb5+ Nc6 15.Qd7+ {Thanks for the 
game!}  1-0